00426 2200169 4500001002100000005001500021035002000036245004000056100001500096250001700111300003200128260003500160082001000195084001600205020002200221650001300243INLIS00000000000042720240629020307 a0010-06240001361 aPembuatan Gula Kelapa /cAhmad Said0 aAhmad Said acetakan ke-1 aiv, 52 hlm :bilus ;c21 cm aJakarta :bGaneca Exact,c2007 a664.1 a664.1 AHM p a978-979-571-464-4 4aProduksi